[Event "Warsaw Najdorf Memorial op-B"]
[Site "Warsaw"]
[Date "2021.07.15"]
[Round "6"]
[White "Hertlein, Irena"]
[Black "Kaluza, Maksymilian"]
[Result "1-0"]
[WhiteElo "1643"]
[BlackElo "1446"]
[PlyCount "83"]
[EventDate "2021.07.10"]
[EventType "swiss"]
[EventRounds "9"]
[EventCountry "POL"]
[SourceTitle "EXT 2022"]
[Source "ChessBase"]
[SourceDate "2021.10.06"]
[SourceVersion "1"]
[SourceVersionDate "2021.10.06"]
[SourceQuality "1"]

1. d4 Nf6 2. Nf3 g6 3. Nc3 d5 4. Bf4 c6 5. e3 Bg7 6. Be2 Nbd7 7. Qd2 Ne4 8. Nxe4 dxe4 9. Ng5 Nf6 10. Be5 0-0 11. Bxf6 exf6 12. Nxe4 Re8 13. Nc5 f5 14. Nd3 Bh6 15. Rd1 Qd5 16. 0-0 Qxa2 17. Ne5 Be6 18. Bc4 Qxb2 19. Bxe6 Rxe6 20. Rb1 Qa3 21. Rxb7 Qa6 22. Rfb1 f6 23. Nd7 Qc4 24. Qa5 Rae8 25. Qc7 R8e7 26. Qd8+ Kf7 27. Rb8 Re8 28. Qc7 R8e7 29. Qd8 Re8 30. Qc7 R8e7 31. Qc8 Re8 32. R1b7 Qxc2 33. Ne5+ Kg8 34. Qxe8+ Rxe8 35. Rd8 Rf8 36. Rxf8+ Bxf8 37. h3 fxe5 38. dxe5 Qd1+ 39. Kh2 Qd5 40. e6 Qd6+ 41. f4 Qd5 42. e7 1-0

[Event "Warsaw Najdorf Memorial op-B"]
[Site "Warsaw"]
[Date "2021.07.13"]
[Round "4"]
[White "Kaluza, Maksymilian"]
[Black "Panczuk, Grzegorz"]
[Result "1/2-1/2"]
[WhiteElo "1446"]
[BlackElo "1721"]
[PlyCount "148"]
[EventDate "2021.07.10"]
[EventType "swiss"]
[EventRounds "9"]
[EventCountry "POL"]
[SourceTitle "EXT 2022"]
[Source "ChessBase"]
[SourceDate "2021.10.06"]
[SourceVersion "1"]
[SourceVersionDate "2021.10.06"]
[SourceQuality "1"]

1. e4 e6 2. d3 d5 3. Nd2 Nf6 4. Ngf3 c5 5. g3 Nc6 6. Bg2 Be7 7. 0-0 0-0 8. Re1 a5 9. a4 b6 10. e5 Nd7 11. Nf1 Ba6 12. h4 Rc8 13. N1h2 Nb4 14. Bh3 d4 15. b3 b5 16. Ng5 Qb6 17. Qh5 h6 18. Nxe6 fxe6 19. Bxh6 Rf7 20. Ng4 Bb7 21. Bg5 Nf8 22. Bxe7 Rxe7 23. Nf6+ gxf6 24. exf6 Rh7 25. Qg5+ Kf7 26. h5 Qc6 27. Re4 e5 28. Bxc8 Bxc8 29. Rxe5 Qxf6 30. Qxf6+ Kxf6 31. Re8 Nxc2 32. Rc1 Kf7 33. Rxc8 Nb4 34. R1xc5 Ne6 35. R5c7+ Nxc7 36. Rxc7+ Kg8 37. Rxh7 Kxh7 38. axb5 Nxd3 39. b6 Nc5 40. Kf1 d3 41. Ke1 d2+ 42. Kd1 Kh6 43. g4 Kg5 44. f4+ Kxf4 45. h6 Ke3 46. h7 Ne4 47. h8Q Nf2+ 48. Kc2 d1Q+ 49. Kb2 Nd3+ 50. Ka2 Qc2+ 51. Ka3 Qc5+ 52. Ka2 Nb4+ 53. Ka3 Nd5+ 54. Kb2 Kd3 55. Qh7+ Kd2 56. Qh2+ Kd3 57. Qh7+ Kd2 58. Qh2+ Kd3 59. Qh3+ Kd2 60. Qg2+ Kd3 61. Qf1+ Kd4 62. Qf2+ Ne3 63. Qd2+ Ke4 64. b7 Qe5+ 65. Ka2 Qc7 66. Kb2 Qxb7 67. Ka2 Qb4 68. Qb2 Nxg4 69. Qc2+ Ke3 70. Qc1+ Qd2+ 71. Qxd2+ Kxd2 72. Ka3 Ne5 73. b4 Nc4+ 74. Ka4 axb4 1/2-1/2

[Event "Mazowiec-chT 1819"]
[Site "Warsaw"]
[Date "2019.01.13"]
[Round "3.14"]
[White "Kaluza, Maksymilian"]
[Black "Pajak, Jakub Lech"]
[Result "0-1"]
[WhiteElo "1400"]
[BlackElo "1941"]
[PlyCount "68"]
[EventDate "2018.12.02"]
[EventType "team-tourn"]
[EventRounds "7"]
[EventCountry "POL"]
[SourceTitle "EXT 2020"]
[Source "ChessBase"]
[SourceDate "2019.10.17"]
[SourceVersion "1"]
[SourceVersionDate "2019.10.17"]
[SourceQuality "1"]

1. c4 c6 2. g3 d5 3. cxd5 cxd5 4. Bg2 Nc6 5. d4 Nf6 6. Nc3 e6 7. Nf3 Bb4 8. 0-0 0-0 9. Qc2 Qb6 10. Re1 Bd7 11. Na4 Qb5 12. a3 Bd6 13. Nc3 Qa5 14. Bf4 Bxf4 15. gxf4 Rac8 16. Ne5 Ne7 17. Qd2 Qd8 18. Kh1 Bc6 19. Bf3 Ng6 20. Rg1 Ne4 21. Nxe4 Nxe5 22. fxe5 dxe4 23. Qh6 g6 24. Rg3 exf3 25. e3 Qe7 26. Rag1 Be4 27. h4 f6 28. h5 Qg7 29. Qf4 Bf5 30. e4 fxe5 31. dxe5 Bh3 32. Qh4 Bg2+ 33. R1xg2 fxg2+ 34. Kxg2 Rc2 0-1

[Event "POL-chT U19 2nd League"]
[Site "Iwonicz"]
[Date "2015.08.01"]
[Round "2.87"]
[White "Kaluza, Maksymilian"]
[Black "Babiarz, Arkadiusz"]
[Result "0-1"]
[WhiteElo "1379"]
[BlackElo "1507"]
[PlyCount "80"]
[EventDate "2015.07.25"]
[EventType "team-swiss"]
[EventRounds "11"]
[EventCountry "POL"]
[SourceTitle "EXT 2019"]
[Source "ChessBase"]
[SourceDate "2018.10.10"]
[SourceVersion "1"]
[SourceVersionDate "2018.10.10"]
[SourceQuality "1"]
[WhiteTeam "Zielonka Zieloni U19"]
[BlackTeam "Rzeszow U20"]
[WhiteTeamCountry "POL"]
[BlackTeamCountry "POL"]

1. d4 d5 2. Nf3 e6 3. g3 Nf6 4. Bg2 c5 5. 0-0 Nc6 6. b3 Qc7 7. Bb2 cxd4 8. Nxd4 Be7 9. Nd2 0-0 10. c4 Nxd4 11. Bxd4 e5 12. Bb2 d4 13. Ne4 Ng4 14. h3 Nh6 15. Bc1 f5 16. Ng5 Bf6 17. Bd5+ Kh8 18. Ne6 Bxe6 19. Bxe6 Rad8 20. Bxh6 gxh6 21. Bxf5 Rg8 22. Qd3 Qe7 23. Kh1 Rge8 24. Qe4 Qc7 25. Rad1 Re7 26. Rd3 Qa5 27. Ra1 Qa3 28. h4 Qb2 29. Rdd1 Qa3 30. Qf3 Bg7 31. Qe4 Bf6 32. Qf3 Bg7 33. e3 Rf8 34. Qe4 Ref7 35. g4 Qe7 36. h5 Qh4+ 37. Kg2 Rxf5 38. Rh1 Qxf2+ 39. Kh3 Rf3+ 40. Qxf3 Rxf3# 0-1

[Event "POL-chT U19 2nd League"]
[Site "Iwonicz"]
[Date "2015.08.01"]
[Round "7.75"]
[White "Kaluza, Maksymilian"]
[Black "Krawczyk, Piotr"]
[Result "0-1"]
[WhiteElo "1379"]
[BlackElo "1531"]
[PlyCount "58"]
[EventDate "2015.07.25"]
[EventType "team-swiss"]
[EventRounds "11"]
[EventCountry "POL"]
[SourceTitle "EXT 2019"]
[Source "ChessBase"]
[SourceDate "2018.10.10"]
[SourceVersion "1"]
[SourceVersionDate "2018.10.10"]
[SourceQuality "1"]
[WhiteTeam "Zielonka Zieloni U19"]
[BlackTeam "Nowy Sacz Sandecja U19"]
[WhiteTeamCountry "POL"]
[BlackTeamCountry "POL"]

1. d4 Nf6 2. c4 c5 3. Nf3 g6 4. g3 cxd4 5. Nxd4 Nc6 6. Nc2 Bg7 7. Bg2 0-0 8. 0-0 e6 9. Nc3 Ne8 10. e4 a6 11. Be3 Rb8 12. Qd2 b5 13. cxb5 axb5 14. a3 Ne5 15. b3 f5 16. h3 fxe4 17. Bxe4 Qf6 18. Bf4 g5 19. Bxg5 Nf3+ 20. Bxf3 Qxf3 21. Ne3 Bb7 22. Kh2 d5 23. Nxb5 Bxa1 24. Rxa1 e5 25. Ng4 d4 26. Rg1 h5 27. Nh6+ Kh8 28. Qc2 Qxf2+ 29. Qxf2 Rxf2+ 0-1